000
00192 a2200097 4500
001
42646
100
_a
Deere C
245
_a
Nine lives
260
_a
London
_b
Hodder
_c
090
_c
26542
_d
26542
942
_a
NUST-CAE
_c
M
_c
18383
999
_c
277719
_d
277719